Viac počítačov - viac vedomostí

Pozitíva využívania informačných technológií vo výučbe. Počítačová gramotnosť ako jedna z podmienok uplatnenia sa na trhu práce. Nedostatky vzdelávacieho systému v oblasti IT. Projekt informatizácie škôl Infovek. Nedostatok kvalifikovaných informatikov v školách. Vplyv používania počítača na výkon ž...

Descrizione completa

Salvato in:
Dettagli Bibliografici
Autore principale: Sojková, Mira
Natura: Capitolo di libro
Lingua:slovacco
Soggetti:
Tags: Aggiungi Tag
Nessun Tag, puoi essere il primo ad aggiungerne!!

MARC

LEADER 00000naa$a2200000$$$4500
001 0029576
005 20231004130316.5
041 0 |a slo 
044 |a SK 
245 1 0 |a Viac počítačov - viac vedomostí  |c Mira Sojková 
520 |a Pozitíva využívania informačných technológií vo výučbe. Počítačová gramotnosť ako jedna z podmienok uplatnenia sa na trhu práce. Nedostatky vzdelávacieho systému v oblasti IT. Projekt informatizácie škôl Infovek. Nedostatok kvalifikovaných informatikov v školách. Vplyv používania počítača na výkon žiaka. 
610 2 0 |a technológie informačné 
610 2 0 |a gramotnosť digitálna 
610 2 0 |a počítače 
610 2 0 |a vzdelávanie 
610 2 0 |a školy 
610 2 0 |a učitelia 
610 2 0 |a trh práce 
610 2 0 |a projekty 
100 1 |a Sojková, Mira